| 000 | 00663nam a2200217 04500 | ||
|---|---|---|---|
| 001 | 45804 | ||
| 090 | _a45804 | ||
| 100 | _a19990108f19401945m y0pory50030103ba | ||
| 101 | 1 | _apor | |
| 102 | _aPT | ||
| 200 | 1 |
_aTrês enforcados numa corda _fHerbert Gibbons _gversão livre de Manuel de Morais |
|
| 210 | 9 |
_aLisboa _cRomano Torres, _d[194-] |
|
| 215 |
_a205, [3] p. _d20 cm |
||
| 225 | 2 |
_aGrandes mistérios, grandes aventuras _v9 |
|
| 304 | _aTít. orig.: Three hanged men on a rope | ||
| 317 | _aArquivo da Editora Romano Torres | ||
| 675 |
_a821.111-312.4"19" _vBN _zpor |
||
| 700 | 1 |
_aGibbons, _bHerbert |
|
| 702 | 1 |
_aMorais, _bManuel _4730 |
|
| 801 | 0 |
_aPT _bBN _gRPC |
|
| 990 | _cLIVROS | ||